|
|
|
|
| LEADER |
00848nta a2200205 i 4500 |
| 001 |
dipl94817 |
| 005 |
20201120074357.0 |
| 008 |
201117s1977 hu om 0|| zxx d |
| 040 |
|
|
|a SZTE Diploma Repozitórium
|b hun
|
| 041 |
|
|
|a zxx
|
| 100 |
1 |
|
|a Milován Ildikó
|
| 245 |
1 |
0 |
|a Mondatszerkezeti sajátságok gyakorisági vizsgálata szakmunkástanulók írásbeli nyelvhasználatában
|h [elektronikus dokumentum] /
|c Ildikó Milován
|
| 260 |
|
|
|c 1977
|
| 650 |
|
4 |
|a Pedagógusképzés
|
| 650 |
|
4 |
|a Humanities
|
| 650 |
|
4 |
|a Languages and Literature
|
| 650 |
|
4 |
|a Linguistics
|
| 650 |
|
4 |
|a Use of language: pragmatics, sociolinguistics, discourse analysis, second language teaching and learning, lexicography, terminology
|
| 700 |
1 |
|
|a Békési Imre
|e ths
|
| 856 |
4 |
0 |
|u http://diploma.bibl.u-szeged.hu/id/eprint/94817/1/1977_milovan_ildiko.pdf
|z Dokumentum-elérés
|